Tratado de fideicomiso (Registro nro. 30)

Detalles MARC
000 -LEADER
fixed length control field 01888 a2200241 4500
001 - CONTROL NUMBER
control field 38
005 - DATE AND TIME OF LATEST TRANSACTION
control field 20260407155404.0
008 - FIXED-LENGTH DATA ELEMENTS--GENERAL INFORMATION
fixed length control field 260407a2004 arg spa d
003 - CONTROL NUMBER IDENTIFIER
control field AR-UNSa-BCEJYS
040 ## - CATALOGING SOURCE
Original cataloging agency AR-UNSa-BCEJYS
Language of cataloging spa
Transcribing agency AR-UNSa-BCEJYS
080 ## - UNIVERSAL DECIMAL CLASSIFICATION NUMBER
Universal Decimal Classification number 347.440
Common auxiliary subdivision Tipos de contratos (Fideicomisos)
020 ## - INTERNATIONAL STANDARD BOOK NUMBER
International Standard Book Number 978-950-14-1942-9
041 ## - LANGUAGE CODE
Language code of text/sound track or separate title spa
100 1# - MAIN ENTRY--PERSONAL NAME
Personal name Kiper, Claudio M.
245 10 - TITLE STATEMENT
Title Tratado de fideicomiso
250 ## - EDITION STATEMENT
Edition statement 2a. ed.
264 #1 - PRODUCTION, PUBLICATION, DISTRIBUTION, MANUFACTURE, AND COPYRIGHT NOTICE
Place of production, publication, distribution, manufacture Buenos Aires :
Name of producer, publisher, distributor, manufacturer Depalma
Date of production, publication, distribution, manufacture, or copyright notice 2004
300 ## - PHYSICAL DESCRIPTION
Extent 832 p.
Dimensions 22 cm.
505 ## - FORMATTED CONTENTS NOTE
Formatted contents note 1. Los negocios fiduciarios y el fideicomiso - 2. El dominio fiduciario - 3. Modos de adquisición del dominio fiduciario. Cuestiones registrales que plantea el dominio fiduciario - 4. Extinción del dominio fiduciario - 5. El patrimonio fiduciario - 6. El contrato de fideicomiso. Antecedentes de la Ley 24.441 (Título I: "Del fideicomiso"). Fuentes Latinoamericanas. Análisis del fideicomiso como contrato - 7. Facultades y obligaciones del dueño fiduciario - 8. Responsabilidad del fiduciario por incumplimiento de las obligaciones impuestas por el fideicomiso - 9. El fiduciante, el beneficiario y el fideicomisario. El comité técnico y la asamblea de beneficiarios - 10. La insuficiencia del patrimonio fideicomitido y su liquidación. El fideicomiso frente al concurso y la quiebra. El fideicomiso y la reestructuración de bancos (art. 35 bis, LEF) - 11. Fideicomiso de garantía - 12. Fideicomiso testamentario - 13. Fideicomiso público. El estado como fideicomitente - 14. Titulización - 15. Fideicomiso financiero. Fideicomiso ordinario público. Fondos de inversión directa. Reglamentación de la CNV - 16. Régimen tributario del fideicomiso
590 ## - LOCAL NOTE (RLIN)
Local note niveau_biblio:m niveau_hierar:0
856 41 - ELECTRONIC LOCATION AND ACCESS
Uniform Resource Identifier <a href="https://biblioeco.unsa.edu.ar/pmb/images/libros/Tratado de fideicomiso-l116463.jpg">https://biblioeco.unsa.edu.ar/pmb/images/libros/Tratado de fideicomiso-l116463.jpg</a>
Link text Imagen de portada
Electronic format type image/jpeg
942 ## - ADDED ENTRY ELEMENTS (KOHA)
Koha item type
Existencias
Withdrawn status Lost status Damaged status Not for loan Home library Current library Shelving location Date acquired Total checkouts Full call number Barcode Date last seen Price effective from Koha item type
        Biblioteca Prof. Eusebio Cleto del Rey Biblioteca Prof. Eusebio Cleto del Rey   07/04/2026   347.440 K57 2ed. L116463 07/04/2026 07/04/2026 Libro
        Biblioteca Prof. Eusebio Cleto del Rey Biblioteca Prof. Eusebio Cleto del Rey   07/04/2026   347.440 K57 2ed. L116464 07/04/2026 07/04/2026 Libro
        Biblioteca Prof. Eusebio Cleto del Rey Biblioteca Prof. Eusebio Cleto del Rey   07/04/2026   347.440 K57 2ed. L116465 07/04/2026 07/04/2026 Libro